00325nam a2200121Ia 4500008004100000082001500041100001500056245004000071250001200111260005600123300000800179650001600187191201s2012 xx 000 0 und d a006.3bHAD aHAN,Jiawei 0aData Mining Concepts and Techniques a2nd Rep aN. DelhibMorgam Kaufmann Publshers, Elsevierc2012 a701 aM.Tech(CSE)